[Event "Maribor International"]
[Site "Maribor"]
[Date "1978.12.10"]
[Round "11"]
[White "Szabo, Laszlo"]
[Black "Supancic, Darko"]
[Result "1-0"]
[WhiteElo "2515"]
[BlackElo "2335"]
[PlyCount "75"]
[EventDate "1978.11.28"]
[EventType "tourn"]
[EventRounds "13"]
[EventCountry "YUG"]
[EventCategory "7"]
[SourceTitle "EXT 2004"]
[Source "ChessBase"]
[SourceDate "2003.11.25"]
[SourceVersion "1"]
[SourceVersionDate "2003.11.25"]
[SourceQuality "1"]

1. c4 Nf6 2. Nc3 c5 3. Nf3 Nc6 4. d4 cxd4 5. Nxd4 e6 6. Ndb5 d6 7. Bf4 e5 8. Bg5 a6 9. Bxf6 gxf6 10. Na3 f5 11. g3 Be6 12. Bg2 Bg7 13. 0-0 0-0 14. Qd2 Qa5 15. Rfd1 Rac8 16. Nd5 Qxd2 17. Rxd2 Rfd8 18. Nb6 Rb8 19. Rad1 Bh6 20. e3 e4 21. Nc2 Bf8 22. b3 Be7 23. f3 exf3 24. Bxf3 Ne5 25. Bg2 h5 26. Nd5 Kf8 27. h4 Ng4 28. Nf4 Bf6 29. Rxd6 Rxd6 30. Rxd6 Ke7 31. Rb6 Nxe3 32. Nxe3 Bd4 33. Rxb7+ Rxb7 34. Bxb7 Bxe3+ 35. Kg2 a5 36. Kf3 Bd2 37. Nxh5 Kd6 38. Nf4 1-0

[Event "Maribor International"]
[Site "Maribor"]
[Date "1978.12.09"]
[Round "10"]
[White "Jelen, Iztok"]
[Black "Szabo, Laszlo"]
[Result "1-0"]
[WhiteElo "2420"]
[BlackElo "2515"]
[PlyCount "67"]
[EventDate "1978.11.28"]
[EventType "tourn"]
[EventRounds "13"]
[EventCountry "YUG"]
[EventCategory "7"]
[SourceTitle "EXT 2004"]
[Source "ChessBase"]
[SourceDate "2003.11.25"]
[SourceVersion "1"]
[SourceVersionDate "2003.11.25"]
[SourceQuality "1"]

1. Nf3 Nf6 2. c4 g6 3. Nc3 Bg7 4. e4 d6 5. d4 0-0 6. Be2 Bg4 7. 0-0 Nfd7 8. Be3 Nc6 9. Ne1 Bxe2 10. Nxe2 Na5 11. b3 c5 12. Qd2 Nc6 13. Rd1 Qb6 14. d5 Nce5 15. h3 Nf6 16. Ng3 a5 17. f4 Ned7 18. Nd3 Ne8 19. Qe2 Qc7 20. a4 e6 21. dxe6 fxe6 22. f5 exf5 23. exf5 Nef6 24. Nf4 Rae8 25. Ne6 Rxe6 26. fxe6 Ne5 27. Qd2 Ne8 28. Rxf8+ Bxf8 29. Bf4 Nc6 30. Ne4 Nd4 31. Nxc5 Bg7 32. Ne4 Qc6 33. Qe3 Nxe6 34. Nf6+ 1-0

[Event "Maribor International"]
[Site "Maribor"]
[Date "1978.12.06"]
[Round "8"]
[White "Szabo, Laszlo"]
[Black "Puc, Stojan"]
[Result "1/2-1/2"]
[WhiteElo "2515"]
[BlackElo "2365"]
[PlyCount "90"]
[EventDate "1978.11.28"]
[EventType "tourn"]
[EventRounds "13"]
[EventCountry "YUG"]
[EventCategory "7"]
[SourceTitle "EXT 2004"]
[Source "ChessBase"]
[SourceDate "2003.11.25"]
[SourceVersion "1"]
[SourceVersionDate "2003.11.25"]
[SourceQuality "1"]

1. d4 Nf6 2. c4 e6 3. Nc3 Bb4 4. e3 b6 5. Nge2 Ne4 6. Bd2 Nxd2 7. Qxd2 d5 8. a3 Be7 9. cxd5 exd5 10. Nf4 Bb7 11. Be2 c6 12. Qc2 Nd7 13. Bf3 Bd6 14. Nd3 0-0 15. 0-0 f5 16. g3 Nf6 17. Bg2 Qe7 18. Rfe1 Rae8 19. Rad1 g5 20. f4 Ne4 21. Ne5 Rc8 22. Qa4 Bb8 23. Nxe4 fxe4 24. Bh3 Rcd8 25. b4 gxf4 26. exf4 Rd6 27. Rc1 Rh6 28. Bg2 Qe8 29. Qd1 Kh8 30. Rc3 Bd6 31. Rc2 Qe7 32. Qa1 Rc8 33. Rec1 Qe8 34. Bf1 Kg8 35. Be2 Rc7 36. Ng4 Rg6 37. f5 Rxg4 38. Bxg4 Be7 39. b5 c5 40. dxc5 Bxc5+ 41. Rxc5 bxc5 42. Qf6 Qe7 43. Qxe7 Rxe7 44. Rxc5 Kg7 45. b6 axb6 1/2-1/2

[Event "Maribor International"]
[Site "Maribor"]
[Date "1978.12.05"]
[Round "7"]
[White "Barle, Janez"]
[Black "Szabo, Laszlo"]
[Result "0-1"]
[WhiteElo "2425"]
[BlackElo "2515"]
[PlyCount "90"]
[EventDate "1978.11.28"]
[EventType "tourn"]
[EventRounds "13"]
[EventCountry "YUG"]
[EventCategory "7"]
[SourceTitle "EXT 2004"]
[Source "ChessBase"]
[SourceDate "2003.11.25"]
[SourceVersion "1"]
[SourceVersionDate "2003.11.25"]
[SourceQuality "1"]

1. e4 c5 2. Nf3 e6 3. d4 cxd4 4. Nxd4 Nf6 5. Nc3 Nc6 6. Ndb5 d6 7. Bf4 e5 8. Bg5 a6 9. Na3 b5 10. Bxf6 gxf6 11. Nd5 f5 12. Bd3 Be6 13. c4 Nd4 14. Nc2 Nxc2+ 15. Bxc2 fxe4 16. Bxe4 Rc8 17. cxb5 Qa5+ 18. Qd2 Qxd2+ 19. Kxd2 Bh6+ 20. Kd1 f5 21. Bf3 e4 22. Bh5+ Kd8 23. Nc3 axb5 24. Nxb5 Rc5 25. Nc3 d5 26. Kc2 d4 27. Rad1 d3+ 28. Kb1 Ke7 29. Ka1 Ra8 30. a3 Rxc3 31. bxc3 Rxa3+ 32. Kb1 Rb3+ 33. Ka1 Rxc3 34. Rb1 Bg7 35. Kb2 Rc2+ 36. Ka3 Bc3 37. Ka4 Bc4 38. Rb3 Bxb3+ 39. Kxb3 Bd4 40. Rf1 Bxf2 41. Bd1 Rd2 42. Kc3 e3 43. Bf3 e2 44. Rxf2 Rc2+ 45. Kxd3 e1Q 0-1